[Event "SM-gruppen"]
[Site "Lund"]
[Date "2010.07.03"]
[Round "1"]
[White "Abdollahzadeh Sani, Arash"]
[Black "Vas, Peter"]
[Result "1/2-1/2"]
[WhiteElo "2143"]
[BlackElo "2305"]
[Annotator "Michael de Verdier"]
[PlyCount "120"]
[EventDate "2010.??.??"]
[EventRounds "9"]
[EventCountry "SWE"]
[Source "Anders Hansen"]
[SourceDate "2010.07.03"]

1. e4 e5 2. Nf3 Nf6 {Det är ganska lätt att gissa vad Vas kommer att spela för
öppning. Men han kan sina varianter väldigt bra och de kan vara svåra att få
hål på. Peter har spelat ryskt i flera år.} 3. d4 Nxe4 4. Bd3 d5 5. Nxe5 Bd6 $5
(5... Nd7 {anses vara huvudvarianten.}) 6. O-O O-O 7. c4 Bxe5 8. dxe5 Nc6 9.
cxd5 Qxd5 10. Qc2 Nb4 11. Bxe4 Nxc2 12. Bxd5 Bf5 13. g4 {
Diagram # Spelarna har hittills följt känd teori. Nu står svart inför ett val.}
Bg6 (13... Bxg4 {bemöts med} 14. Be4 Nxa1 15. Bf4 f5 16. Bd5+ Kh8 17. Rc1 c6
18. Bg2 {med vit fördel, allt enligt teorin.}) 14. f4 c6 15. Bb3 (15. Bc4 {
föreslogs av publiken i kommentatorsrummet, och verkar vara strået vassare.
Vit vill locka fram ..b5.} b5 16. Be2 $1 h5 17. f5 Bh7 {med oklart spel.})
15... Nxa1 16. f5 Nxb3 17. axb3 Rfd8 18. fxg6 hxg6 {Diagram # Ett intressant
slutspel har uppkommit. I kommentatorsrummet användes lösa termer som
"dynamisk jämvikt", vilket tyder på att ställningen är både svårbedömd och
svårspelad.} 19. Nc3 Rd4 20. Rf4 Rad8 21. Ne2 Rxf4 22. Bxf4 Rd3 23. Nc1 Rd4 24.
Be3 Rxg4+ 25. Kf2 b6 26. Nd3 Kf8 27. Kf3 Rh4 28. Kg3 Re4 29. Kf3 Rh4 30. Kg3
Rh5 31. h4 Ke7 32. Bd4 g5 33. hxg5 Rxg5+ 34. Kf3 Rf5+ 35. Kg4 Rf1 36. Bc3 c5
37. b4 cxb4 38. Nxb4 Ke6 39. Nd3 Kd5 40. Nf4+ Ke4 41. Nh3 b5 42. Ng5+ Kd3 43.
Nf3 a6 44. Kg3 Ke3 45. Nd4 Rg1+ 46. Kh2 Rg6 ({Efter} 46... Rg5 {
, för att stoppa Sf5, hittade vi den roliga varianten} 47. Bd2+ $1 Kxd4 48.
Bxg5 Kxe5 {med trolig remi.}) 47. Nf5+ Kf4 48. Nd6 f5 49. Ne8 Ke3 50. Nc7 f4 $2
{Peter har spelat slutspelet bra hittills, men här begår han en blunder.} (
50... Rc6 $1 {ser ut att vinna direkt för svart.}) 51. e6 Rh6+ 52. Kg1 f3 {
Diagram #} 53. Bd4+ $2 (53. Be1 $5 {
var nödvändigt, då följande, nästan forcerade, variant följer:} Ke2 54. e7 f2+
55. Bxf2 Rg6+ 56. Kh2 Kxf2 57. Kh3 Rg3+ 58. Kh4 Re3 59. e8=Q Rxe8 60. Nxe8 a5
61. Nd6 Ke2 62. Nxb5 Kd2 {med remi.}) 53... Kxd4 54. e7 Rh8 55. Ne6+ {Diagram #
} ({Efter} 55. e8=Q Rxe8 56. Nxe8 Kc4 57. Nc7 a5 {förlorar vit också.}) 55...
Ke3 $2 (55... Kd3 $1 {vinner för svart!} 56. Nf8 f2+ $1 57. Kxf2 Rh2+ {
följt av ..Te2, och vits bonde är stoppad!}) 56. Nf8 f2+ 57. Kg2 Rh2+ 58. Kxh2
f1=Q 59. e8=Q+ Kd2 60. Qd7+ Kc1 {
Ett händelserikt parti som gör bra reklam för våra "nykomlingar" i SM-gruppen.}
1/2-1/2

[Event "SM-gruppen"]
[Site "Lund"]
[Date "2010.07.03"]
[Round "1"]
[White "Berg, Emanuel"]
[Black "Tikkanen, Hans"]
[Result "1/2-1/2"]
[WhiteElo "2612"]
[BlackElo "2469"]
[Annotator "Michael de Verdier"]
[PlyCount "73"]
[EventDate "2010.??.??"]
[EventRounds "9"]
[EventCountry "SWE"]
[Source "Anders Hansen"]
[SourceDate "2010.07.03"]

1. e4 c5 2. Nf3 e6 3. d4 cxd4 4. Nxd4 Nc6 {Detta var en överraskning för oss i
kommentatorsrummet, och säkert även för Emanuel också. Hans har tidigare
spelat accelererad drake men på senare tid framförallt 1.-e5, mot 1.e4.} 5. Nc3
Qc7 6. Be3 a6 7. Qd2 Nf6 8. O-O-O Bb4 ({
Detta draget är mycket vanligare än Morozevichs specialare,} 8... Be7) 9. f3
O-O {En lite ovanlig variant som blivit mycket populär under de senaste åren.
Jag har faktiskt själv använt mig av den vid ett par tillfällen.} 10. Kb1 {
Emanuel tänkte länge innan han gjorde detta drag. Enligt mina analyser som
gjordes för ca ett år sedan ska detta inte vara särskilt farligt för svart.} (
10. g4 {anses mycket mer kritiskt.}) 10... b5 ({
Jag koncentrerade mig huvudsakligen på} 10... d5 {då det begav sig.}) 11. Nxc6
$5 Qxc6 (11... dxc6 {förlorar en bonde efter} 12. Nxb5) 12. Bd4 d6 13. e5 {
Emanuel vill inte att svart själv ska få spela ..e5.} Nd7 14. Bd3 Bb7 15. exd6
f5 $1 {Andra drag leder till problem för svart.} ({Till exempel} 15... Qxd6 16.
Bxg7 $3 Kxg7 17. Qg5+ Kh8 18. Qh4 f5 19. Bxb5 {med vinst för vit.}) 16. f4 $5 {
Jag flaggade faktiskt lite för det här draget i kommentatorsrummet innan det
spelades. Vit vill stoppa svarts e-bondes frammarsch.} (16. Qe3 {
direkt var möjligen hårdare.}) 16... Qxd6 17. Qe3 Qe7 18. Be2 Bc5 19. Bf3 Bxf3
20. Qxf3 Bxd4 21. Rxd4 {Spelarna spenderade större delen av sin betänktetid på
de 15 första dragen. Resten av partiet domineras av säkerhetstänk.} Nb6 22. Nd1
Rad8 23. Rxd8 Rxd8 24. Ne3 Nd5 25. Nxd5 Rxd5 26. Rd1 Rxd1+ 27. Qxd1 Qc5 28. b3
Kf7 29. Qd7+ Kf6 30. Qd8+ Kf7 31. Qd7+ Kf6 32. Qd8+ Kf7 33. Kb2 e5 34. Qd7+ Kf6
35. Qd8+ Kf7 36. Qd7+ Kf6 37. Qd8+ 1/2-1/2

[Event "SM-gruppen"]
[Site "Lund"]
[Date "2010.07.03"]
[Round "1"]
[White "Brynell, Stellan"]
[Black "Eriksson, Anders"]
[Result "1-0"]
[WhiteElo "2495"]
[BlackElo "2311"]
[Annotator "Michael de Verdier"]
[PlyCount "77"]
[EventDate "2010.??.??"]
[EventRounds "9"]
[EventCountry "SWE"]
[Source "Anders Hansen"]
[SourceDate "2010.07.03"]

1. d4 Nf6 2. c4 e6 3. Nf3 Bb4+ 4. Bd2 ({Anses aningen mer kritiskt än} 4. Nbd2)
4... Qe7 (4... c5 {
valde jag själv mot Stellan i Elitserien den gångna säsongen.}) 5. g3 O-O 6.
Bg2 Bxd2+ 7. Qxd2 d6 8. Nc3 e5 9. O-O Re8 10. e4 Bg4 11. Ne1 Nc6 12. Nc2 {
Diagram #} (12. d5 {spelades i Eingorn - Inkiov, franska ligan 2005.}) 12...
Nxd4 {Eriksson väljer att ta partiet till en Maroczy-liknande ställning där
han fått byta två lätta pjäser.} 13. Nxd4 exd4 14. Qxd4 Qe5 15. Qd2 Qc5 16. b3
a5 17. Rfe1 ({I kommentatorsrummet förväntade jag mig nåt i stil med} 17. Kh1 {
följt av f4 och Tae1, men Stellan har en annan idé.}) 17... Bd7 {Diagram # Erik
sson vill gärna sätta mer press på e4 med ..Lc6 i nästa drag, för att sedan
slå av en eventuell springare med löparen.} 18. Nd5 $1 Nxd5 19. cxd5 {
Trots de många avbytena har Stellan roffat åt sig en liten fördel, tack vare
svarts efterblivna bonde på c7.} c6 {
Eriksson väljer att försvaga d6-bonden istället.} 20. Red1 Rad8 21. dxc6 Bxc6
22. Rac1 Qa3 23. Rc4 h6 24. Rd4 Re6 25. Qc2 Rde8 26. h3 Qc5 27. Rc4 Qa3 28. Kh2
Bb5 29. Rcd4 Qc5 30. Qd2 Bc6 31. Rc4 Qa3 32. Rdc1 Bb5 33. Rd4 Bc6 34. Rc3 {
Stellan har sakta men säkert förbättrat sina pjäser.} Rf6 (34... f5 $5 {
var ett intressant försök till motspel.} 35. Rxc6 $5 bxc6 36. Ra4 Qc5 37. Rxa5
Qb6 38. Rxf5 {med oklart spel.}) 35. Bf1 Rxe4 $2 {
Diagram # Eriksson gör en grov taktisk missbedömning.} 36. Rxc6 {Ojsan!} Rxd4
37. Rc8+ Kh7 38. Qxd4 Qxa2 39. Bd3+ {Ett snöpligt slut!} 1-0

[Event "SM-gruppen"]
[Site "Lund"]
[Date "2010.07.03"]
[Round "1"]
[White "Hillarp Persson, Tiger"]
[Black "Grandelius, Nils"]
[Result "1-0"]
[WhiteElo "2538"]
[BlackElo "2505"]
[Annotator "Michael de Verdier"]
[PlyCount "63"]
[EventDate "2010.??.??"]
[EventRounds "9"]
[EventCountry "SWE"]
[Source "Anders Hansen"]
[SourceDate "2010.07.03"]

1. e4 e5 2. Nf3 Nc6 3. Bc4 Bc5 4. c3 Nf6 5. d3 a6 6. O-O Ba7 7. Bb3 O-O 8. Bg5
({In the 2009 Sigeman tournament in Malmö, Tiger chose} 8. Re1 {
against Nils. The game was eventually drawn.}) 8... h6 9. Bh4 g5 ({
Slightly unusual.} 9... d6 {was played in Shanava - David, Kusadasi 2006.}) 10.
Bg3 d6 11. Nbd2 Bg4 12. Re1 {Vacating the f1-square for the knight, that wants
to use it for a transfer to f5, via e3.} Nd7 (12... Nh5 {was perhaps an
alternative. It remains unclear to me whether this is a good or bad move.}) 13.
h3 Bh5 14. Nf1 Nc5 15. Bc2 Qf6 16. N1h2 Ne6 17. Ng4 Qg7 18. Nfh2 {
Threatening Nf6+.} Kh8 19. Nf1 Ne7 20. Nfe3 Bg6 $6 (20... Bxe3 {
was perhaps necessary, if you consider what happened in the game.}) 21. d4 $1 {
Nils probably missed this strong move.} h5 (21... exd4 22. Nf5 {
is a catastrophe for Black.}) (21... f6 {was suggested afterwards by Tiger as
an improvement. I have no reason to doubt this assessment.}) 22. Nf5 $1 Bxf5
23. exf5 hxg4 24. dxe5 $1 {A strong zwischenzug.} Nxf5 (24... Nc6 25. fxe6 Nxe5
{doesn't solve Black's problems:} 26. Rxe5 $1 dxe5 27. Qxg4 {
and Black's king is very open.}) (24... dxe5 {doesn't really work either, after
} 25. fxe6 fxe6 26. Qxg4 {White enjoys complete domination.}) 25. Bxf5 gxh3 26.
exd6 Nf4 27. dxc7 hxg2 28. Bxf4 gxf4 29. Qh5+ Kg8 30. Re4 Rfe8 31. Rxe8+ Rxe8
32. Qg4 {A nice game from Tiger Hillarp Persson!} 1-0

[Event "SM-gruppen"]
[Site "Lund"]
[Date "2010.07.03"]
[Round "1"]
[White "Semcesen, Daniel"]
[Black "Hector, Jonny"]
[Result "1/2-1/2"]
[WhiteElo "2420"]
[BlackElo "2584"]
[Annotator "Michael de Verdier"]
[PlyCount "107"]
[EventDate "2010.??.??"]
[EventRounds "9"]
[EventCountry "SWE"]
[Source "Anders Hansen"]
[SourceDate "2010.07.03"]

1. c4 c6 2. Nf3 d5 3. e3 Nf6 4. Nc3 e6 5. Qc2 (5. b3 {direkt anses vara lite
mer exakt, eftersom att det sätter stopp för planen med ..e5 som Hector
spelade i partiet.}) 5... Bd6 6. b3 e5 $5 7. cxd5 cxd5 8. Nb5 Nc6 9. Nxd6+ Qxd6
{Diagram # Vit har fått löparparet, men svart har ett fint bondecentrum och
lätt utveckling.} 10. Bb2 O-O 11. Rc1 Bg4 {Diagram # Det är lite oklart vad
vit ska göra nu faktiskt. Vitfältaren har ingen bra ruta, och svart är beredd
att straffa vits damplacering med drag som ..Tac8 och ..Sb4.} 12. h3 Bxf3 13.
gxf3 Rac8 14. h4 {Förbereder Lh3.} d4 15. Bh3 Rcd8 16. Qc5 Qc7 ({Efter} 16...
dxe3 $5 17. Qxd6 exf2+ 18. Ke2 Rxd6 19. Ba3 Rd4 20. Bxf8 Kxf8 {
har svart antagligen tillräcklig kompensation för kvaliteten.}) 17. b4 Rd5 18.
Qc4 Qb6 19. a3 a5 20. e4 Rdd8 21. b5 Ne7 22. a4 Nh5 {
Ett listigt drag, som förutom ..Sf4 även förbereder ..Df6 när vit spelar Dc7.}
23. Ba3 Qf6 24. Bg4 Nf4 {Diagram #} 25. h5 $1 {
Viktigt, så att svart inte får göra ..h5 själv.} h6 26. Qc7 Rfe8 (26... Nd3+ $5
{förtjänar uppmärksamhet.} 27. Ke2 $1 (27. Kf1 Rc8 $1 28. Bxe7 Rxc7 29. Rxc7
Qb6 30. Rd7 Rc8 {med bra spel för svart.}) 27... Nxc1+ 28. Rxc1 d3+ $1 29. Kf1
Rfe8 {och frågan är om vits löpare ger tillräckligt med kompensation för
kvaliteten. Jag gissar att de gör det.}) 27. Kf1 b6 28. Bxe7 Qxe7 29. Qxe7 Rxe7
30. Rc6 Rb8 (30... d3 $5 {förväntade jag mig under partiet. T.ex.} 31. Rxb6 Rd4
32. Rb8+ Kh7 33. b6 Rxa4 34. Kg1 Rb4 {
med oklart spel. Draget som Jonny valde känns lite passivt.}) 31. Kg1 Kh7 32.
Kh2 g6 33. Rhc1 Nd3 34. Rc7 Rb7 35. Rxe7 Rxe7 36. Rc6 Rb7 37. Bc8 Rb8 38. hxg6+
fxg6 39. Rc7+ Kh8 40. Kg3 Nf4 ({Intressant var} 40... Nc5 {
. Vit spelar med största sannolikhet} 41. Kg4 Nxa4 42. f4 $1 {
med mycket oklart spel.}) 41. Kg4 Kg8 42. Kg3 Kf8 43. Bb7 Ne6 44. Rh7 Rd8 45.
Bd5 Ng7 (45... Nf4 46. Rb7 Nxd5 47. exd5 Rd6 48. d3 {trodde vi skulle vinna
för vit i längden i kommentatorsrummet. Svarts kung är väldigt passiv.}) 46.
Rh8+ Ke7 47. Rxh6 Kf6 48. Rh7 Rc8 49. Bc6 Ne6 50. Rb7 Kg5 $5 {
Utropstecknet för partiutgången, frågetecknet för dragets egentliga värde.} 51.
Re7 Kf6 52. Rb7 Kg5 53. Re7 $2 (53. Bd7 {vinner för vit.} Rc7 54. Rxc7 Nxc7 55.
f4+ exf4+ 56. Kf3 {och svarts springare är dominerad av vits löpare. Vit
spelar härnäst e5 och Ke4.}) 53... Kf6 54. Rb7 {
Ett svängigt parti där remi kanske var det mest rättvisa resultatet till slut.}
1/2-1/2

[Event "SM-gruppen"]
[Site "Lund"]
[Date "2010.07.04"]
[Round "2"]
[White "Brynell, Stellan"]
[Black "Berg, Emanuel"]
[Result "0-1"]
[WhiteElo "2495"]
[BlackElo "2612"]
[Annotator "Michael de Verdier"]
[PlyCount "68"]
[EventDate "2010.??.??"]
[EventRounds "9"]
[EventCountry "SWE"]
[Source "Anders Hansen"]
[SourceDate "2010.07.03"]

1. d4 Nf6 2. c4 e6 3. Nf3 b6 4. g3 Ba6 5. b3 Bb4+ 6. Bd2 Be7 7. Bg2 d5 ({
Huvuddraget är väl fortfarande} 7... c6 {.}) 8. cxd5 exd5 9. O-O O-O 10. Nc3
Bb7 11. Rc1 Na6 12. Bf4 Qd7 ({Planen med} 12... c6 {följt av ..Sc7-e6 har jag
själv spelat nån gång. Emanuel vill dock vänta med c-bonden lite.}) 13. Ne5 Qe6
14. Nd3 Ne4 {Diagram #} 15. b4 $5 {
Stellan kan tänka sig att byta sin b-bonde mot Emanuels c7-bonde.} Bxb4 16.
Nxb4 Nxb4 17. Qb3 (17. Nb5 {var mitt tips under partiet.}) (17. Nxe4 dxe4 18.
Rxc7 Bc6 {bedömde vi som ungefär lika i kommentatorsrummet.}) 17... Nxc3 ({
Emanuel vill inte spela} 17... Na6 18. Nxe4 dxe4 19. Qxe6 fxe6 20. Bxc7 {
då hans bönder ser svaga ut.}) 18. Rxc3 Na6 19. Bxc7 Qxe2 20. Bxd5 Bxd5 21.
Qxd5 Rac8 22. Rfc1 Nb4 23. Qc4 Qxc4 24. Rxc4 Nd5 {Diagram # Löpare brukar ju
jobba bra med torn, men i detta fallet är svarts springare på d5 ett riktigt
monster!} 25. a4 f6 {Förbereder en kungmarsch mot centrum.} 26. Kf1 Rfe8 27.
Bf4 {Snälla, ta min löpare!} Rxc4 28. Rxc4 Kf7 29. f3 {Jag tror att Stellan
ville stoppa ..Te4. Han hade kanske missat Emanuels starka svar.} Re3 $1 30.
Rc7+ {Schack är ett väldigt logiskt spel. De bästa spelarna ställer gärna sina
pjäser rakt i slag, den ena efter den andre.} ({Efter} 30. Kf2 Rc3 $1 31. Rxc3
Nxc3 {förlorar vit en bonde.}) 30... Nxc7 31. Bxe3 Ke6 32. Ke2 Kd5 33. Kd3 b5
34. axb5 Nxb5 {Vit är helt förlorad. Svart kör ner sin a-bonde så långt det
går innan vit måste flytta över kungen för att stoppa den. Då hugger svart
d4-bonden och äter sig sedan glupskt vidare genom vits uppdukade
kungsflygelbord. Instruktivt spel av Emanuel Berg!} 0-1

[Event "SM-gruppen"]
[Site "Lund"]
[Date "2010.07.04"]
[Round "2"]
[White "Eriksson, Anders"]
[Black "Vas, Peter"]
[Result "1-0"]
[WhiteElo "2311"]
[BlackElo "2305"]
[Annotator "Michael de Verdier"]
[PlyCount "147"]
[EventDate "2010.??.??"]
[EventRounds "9"]
[EventCountry "SWE"]
[Source "Anders Hansen"]
[SourceDate "2010.07.03"]

1. Nf3 d5 2. g3 Nf6 3. Bg2 e6 4. O-O Be7 5. d4 O-O 6. c4 dxc4 7. Qc2 a6 8. Qxc4
b5 9. Qc2 Bb7 10. Bd2 Be4 11. Qc1 Bb7 12. Bf4 ({
Det huvudsakliga alternativet är} 12. Rd1 {. Draget som Eriksson valde
rekommenderades nyligen av Avrukh i hans bok "1.d4 - A Grandmaster Repertoire".
}) 12... Nd5 13. Nbd2 (13. Nc3 {var Avrukhs drag, och också det draget som
spelas mest bland starka spelare. Draget som Eriksson valde har såvitt jag vet
bara spelats en gång, mellan Stefanova och Xu Yuhua, ryska damligan 2009.})
13... Nxf4 ({Xu Yuhua spelade} 13... Nd7) 14. gxf4 Qd6 {Diagram # En stor del
av partiet handlar nu om huruvida vit kan stoppa det, eller om svart lyckas få
igenom ..c5 under gynnsamma förhållanden.} 15. Nb3 Nd7 16. Rd1 Rfd8 (16... Qb6
{förnyar kanske ..c5-hotet. Vit har dock den oväntade resursen} 17. Qc2 $5 c5
18. Nxc5 Nxc5 19. Ng5 $1 {med klar fördel.}) 17. Na5 Bd5 {Diagram #} 18. Ne1 $1
{Ett intstruktivt drag, i min mening. Vit vill gärna byta vitfältslöparna för
att få tillgång till det fina c6-fältet, där han gärna vill nagla fast sin
springare.} Bxg2 19. Nxg2 Qb6 20. Nc6 {The Eagle has landed.} Re8 21. Qc2 Bf8
22. Rac1 Rac8 23. Qe4 Nf6 24. Qf3 Nd5 25. a3 a5 26. e4 Ne7 27. e5 {Med de två
enaste dragen har vit berövat svarts löpare d6-fältet, där den gärna ville stå
för att gardera c7.} Nxc6 28. Qxc6 Red8 29. Ne3 Qxc6 30. Rxc6 {Svart fick byta
bort vits c6-häst, men nu landade ett jobbigt torn där istället.} Rd7 31. Kg2 {
Kungen är på väg till e4 där den garderar d4-bonden.} Rcd8 32. Nc2 Be7 33. Kf3
Kf8 34. Ke4 g6 35. Rd3 Bh4 36. Ke3 {
Vits kung är som en spindel i nätet. På e3 garderar den alla svaga bönder.} Rb8
37. Rdc3 Rb7 38. Ra6 {
Vit vill locka fram ..a4 för att få tillgång till b4-rutan för hästen.} a4 39.
Nb4 Kg7 40. Nd3 Be7 41. Rcc6 Kh6 {Vas har tröttnat på sitt passiva försvar och
startar nu en kungsmarsch som han snart ska få ångra. Det ska dock sägas att
svarts ställning redan var prekär.} 42. Ra8 Kh5 43. Rh8 h6 $2 {Diagram #} (
43... Kh6 {var nödvändigt.}) 44. f5 $3 {
En fantastisk resurs som bryter upp hela svarts kungsflygel.} exf5 ({Efter} 
44... gxf5 45. Nf4+ Kg5 46. Kf3 $1 {blir svart strax matt.}) 45. e6 $2 ({
Erikssons poäng var alltså inte} 45. Nf4+ $1 {. Svart är matt i några få drag:}
Kg5 46. h4+ $1 ({Datorns} 46. Kf3 $1 {
är inte lika självklart, men slutar likadant.} Rxd4 47. Rxg6+ fxg6 48. h4+ Kxh4
49. Rxh6+ Kg5 50. Rxg6+ Kh4 51. Rh6+ Kg5 52. Rh5#) 46... Kxh4 47. Rxh6+ Kg5 48.
Rcxg6+ fxg6 49. Rxg6+ Kh4 50. Rh6+ Kg5 51. Rh5+ Kg4 52. f3+ Kg3 53. Rh3# {
Detta lyckades vi med stor möda och behövlig hjälp från publiken lista ut i
kommentatorsrummet. Det var synd att Eriksson inte fullföljdemattangreppet!})
45... fxe6 46. Nf4+ Kg5 47. Rxe6 (47. Nxe6+ {
är inte så bra som det verkar, ty efter} Kf6 48. Nc5+ Kg7 {
får svart mothot på h8-tornet.}) 47... Rb6 48. h4+ Kg4 49. f3+ Kg3 50. Rxb6
cxb6 51. Rxh6 {Vit har fortfarande en klar fördel tack vare en överlägsen
aktivitet och svarts svaga bönder.} Bd6 ({Efraim Laksman föreslog} 51... Bg5 $5
{under partiet, och det verkar faktiskt vara svarts bästa försvarschans.} 52.
hxg5 Re7+ 53. Kd2 Kxf4 54. Rxg6 Kxf3 55. Rxb6 Kf4 56. g6 {
med goda vinstchanser för vit, trots allt.}) (51... Bxh4 {bemöts bäst med} 52.
Rxg6+ Kh2 53. Rh6 Kg3 54. Ne2+ Kh3 55. d5 $1 {och svart är helt uppbunden.})
52. Rxg6+ Kxh4 53. Ne6 b4 54. axb4 Bxb4 55. Kf4 Bd2+ 56. Kxf5 Bc1 57. Rg2 Rd5+
58. Ke4 Rb5 59. Nf4 $1 {
Matthotet på g4 tvingar svart in i ett förlorat tornslutspel.} Bxf4 60. Kxf4 {
Resten är en akademisk detalj.} Kh3 61. Rd2 Rd5 62. Ke4 Rd8 63. d5 b5 64. Ke5
Kg3 65. Rd3 Kf2 66. f4 Ke2 67. Rd4 Ke3 68. Rb4 Re8+ 69. Kf6 Rd8 70. Ke6 Re8+
71. Kd6 Rf8 72. Kc6 Rf5 73. d6 Rf6 74. Kc7 {
Ett bra parti av Anders Eriksson som belönas med dagens skönhetspris!} 1-0